Márka - Szőregről
Elmentve itt :
| Dokumentumtípus: | Cikk |
|---|---|
| Megjelent: |
1980-05-09
|
| Sorozat: | Délmagyarország
70 No. 107 |
| Kulcsszavak: | Szeged, Ipar élelmiszeripar üditőital-gyártás Márka Szeged, Dél-alföldi Pincegazdaság. Palackozóüzem (Szőreg) |
| Online Access: | http://dmarchiv.bibl.u-szeged.hu/87315 |
| LEADER | 00497nab a2200145 i 4500 | ||
|---|---|---|---|
| 001 | delm87315 | ||
| 005 | 20190606121320.0 | ||
| 008 | 190606s1980 hu o 0|| hun d | ||
| 040 | |a SZTE Délmagyarország Archívum |b hun | ||
| 041 | |a hun | ||
| 245 | 0 | 0 | |a Márka - Szőregről |h [elektronikus dokumentum] |
| 260 | |c 1980-05-09 | ||
| 300 | |a 8 | ||
| 490 | 0 | |a Délmagyarország |v 70 No. 107 | |
| 695 | |a Szeged, Ipar élelmiszeripar üditőital-gyártás Márka Szeged, Dél-alföldi Pincegazdaság. Palackozóüzem (Szőreg) | ||